[Event "Barcelona op-B"]
[Site "Barcelona"]
[Date "1998.??.??"]
[Round "2"]
[White "Perdomo Medina, C."]
[Black "Tey Gali, Josep M"]
[Result "1/2-1/2"]
[WhiteElo "1930"]
[BlackElo "2020"]
[PlyCount "65"]
[EventDate "1998.??.??"]
[EventType "swiss"]
[EventRounds "8"]
[EventCountry "ESP"]
[SourceTitle "EXT 2019"]
[Source "ChessBase"]
[SourceDate "2018.10.10"]
[SourceVersion "1"]
[SourceVersionDate "2018.10.10"]
[SourceQuality "1"]

1. e4 Nf6 2. e5 Nd5 3. Bc4 e6 4. d4 Nb6 5. Bb3 d5 6. Nf3 c5 7. c3 Nc6 8. 0-0 Nd7 9. c4 dxc4 10. Bxc4 Nb6 11. Bb3 cxd4 12. Bf4 Be7 13. Nbd2 0-0 14. Ne4 Nd5 15. Bg3 Nc7 16. a3 b6 17. Rc1 Bb7 18. Re1 Na6 19. Qd3 Nc5 20. Nxc5 bxc5 21. Bc2 g6 22. h4 a5 23. h5 Bg5 24. Rcd1 Qe7 25. Bb1 Nb8 26. Nxg5 Qxg5 27. Qb5 Qe7 28. Rc1 Rc8 29. Bh4 Qxh4 30. Qxb7 Na6 31. Bd3 Rcb8 32. Qc6 Rc8 33. Qb7 1/2-1/2

[Event "Barcelona op-B"]
[Site "Barcelona"]
[Date "1998.??.??"]
[Round "6"]
[White "Perez Alonso, Jeronimo"]
[Black "Perdomo Medina, C."]
[Result "0-1"]
[WhiteElo "2035"]
[BlackElo "1930"]
[PlyCount "115"]
[EventDate "1998.??.??"]
[EventType "swiss"]
[EventRounds "8"]
[EventCountry "ESP"]
[SourceTitle "EXT 2019"]
[Source "ChessBase"]
[SourceDate "2018.10.10"]
[SourceVersion "1"]
[SourceVersionDate "2018.10.10"]
[SourceQuality "1"]

1. f4 d5 2. Nf3 Nf6 3. d4 e6 4. e3 c5 5. c3 Nc6 6. Bd3 Bd6 7. 0-0 0-0 8. Ne5 Ne4 9. Nd2 Nxd2 10. Bxd2 c4 11. Bc2 f5 12. Rf3 Bxe5 13. fxe5 Bd7 14. g4 Be8 15. Qf1 Bg6 16. Qg2 Ne7 17. Raf1 Rf7 18. Be1 Qd7 19. Bh4 Nc6 20. gxf5 exf5 21. Kh1 Raf8 22. Rf4 Nd8 23. Bxd8 Qxd8 24. Bd1 b5 25. Bf3 Rd7 26. h4 Bf7 27. Rg1 Be6 28. h5 Qe7 29. Qh3 Qe8 30. Qg3 a5 31. Rh4 h6 32. Qf4 Kh8 33. Rh2 Rg8 34. Rg6 Re7 35. Rhg2 Rf7 36. Kg1 b4 37. Kh1 bxc3 38. bxc3 a4 39. Rb2 Qc6 40. a3 Re8 41. Bd1 Qa6 42. Rb4 Rb7 43. Rxa4 Qc6 44. Rb4 Rxb4 45. axb4 Ra8 46. Rg1 Ra3 47. Qh4 Qd7 48. b5 Rxc3 49. Qg3 Bg8 50. e6 Bxe6 51. b6 f4 52. Qxf4 Bf5 53. Kh2 Ra3 54. Rg2 Ra1 55. Bf3 Rb1 56. Qb8+ Kh7 57. Qc7 Qxc7+ 58. bxc7 0-1